000 00494cam a2200169 4500500
005 20260405001751.0
041 _afre
042 _adc
100 1 0 _aPiringer, Bernd
_eauthor
245 0 0 _aFondue Confucius
260 _c2014.
500 _a67
690 _aConfucius
690 _aCuisine
786 0 _nPhilosophie magazine | 80 | 6 | 2014-06-01 | p. 70-70 | 1951-1787
856 4 1 _uhttps://shs.cairn.info/magazine-philosophie-magazine-2014-6-page-70?lang=fr&redirect-ssocas=7080
999 _c2050879
_d2050878